000
00232 a2200097 4500
001
39762
100
_a
Davis W Allen
245
_a
Microwave semiconductor circuits design
260
_a
New Delhi
_b
CBS
_c
1987
090
_c
24774
_d
24774
942
_a
NUST-CAE
_c
M
_c
16418
999
_c
274835
_d
274835